Transformations of Business Companies according to the New Act on Transformations

Poskytnutie informácií o národných transformáciách a podrobnejšieho prehľadu jednotlivých národných transformácií podľa zákona č. 309/2023 Z.z. o premenách obchodných spoločností a družstiev a o zmene a doplnení niektorých zákonov.

Uložené v:
Podrobná bibliografia
Hlavný autor: Lovciová, Kornélia, 1983-
Médium: Kapitola
Jazyk:English
Predmet:
Tagy: Pridať tag
Žiadne tagy, Buďte prvý, kto otaguje tento záznam!

MARC

LEADER 00000naa$a2200000$$$4500
001 0306413
005 20250122130421.2
041 0 |a eng 
044 |a CZ 
245 1 0 |a Transformations of Business Companies according to the New Act on Transformations  |c Kornélia Lovciová 
520 |a Poskytnutie informácií o národných transformáciách a podrobnejšieho prehľadu jednotlivých národných transformácií podľa zákona č. 309/2023 Z.z. o premenách obchodných spoločností a družstiev a o zmene a doplnení niektorých zákonov. 
610 2 0 |a transformácia 
610 2 0 |a transformácia podniku 
610 2 0 |a spoločnosti 
610 2 0 |a fúzie 
610 2 0 |a rozdelenie podniku 
100 1 |a Lovciová, Kornélia, 1983-